Produkty farmového chovu pštrosov - koža, perie a vajcia a ich získavanie

Bibliographic Details
Main Authors: Hell, Pavel, 1930-2009 (Author), Slamečka, Jaroslav (Author)
Format: Article
Language:Slovak
ISSN:1335-1990
Subjects:

MARC

LEADER 00000nab a2200000 a 4500
001 vtls000620188
003 SK-MaSNL
005 20260304094647.0
008 250425c1997 xo 0 slo
015 |a SNBRB19rr/mm-uuuuu 
035 |a CL0620327 
035 |a (urnnbn)urn:nbn:sk:snk:ar-006o2u 
035 |a (uuid)33b6ac38-1295-4ec9-aa78-a3f706d88fe5 
035 |a urn:nbn:sk:snk-ab86x6 
040 |a SNKBUCL  |b slo  |c SNKBUCL  |e AACR2 
041 0 |a slo 
044 |a xo  |c SK 
080 |a 636.6:598.51:637  |2 1981 
080 |a 637  |2 1981 
100 1 |a Hell, Pavel,  |d 1930-2009  |4 aut  |9 125123 
245 1 0 |a Produkty farmového chovu pštrosov - koža, perie a vajcia a ich získavanie  |c Pavel Hell, Jaroslav Slamečka 
650 0 7 |a pštrosy  |2 snkbucl  |9 2796 
655 7 |a články z novín a časopisov  |2 snkbucl  |9 267496 
700 1 |a Slamečka, Jaroslav  |4 aut  |9 8823 
773 0 |t Slovenský chov  |g Roč. 2, č. 3 (1997), s. 32  |x 1335-1990 
850 |a Slovenská národná knižnica 
852 |a Slovenská národná knižnica 
954 |a odborná, vedecká literatúra pôvodná (slovenská)  |2 lita 
958 |a article9 
958 |a RK 
958 |a OND 
958 |a EUIPO 
999 |c 2828241  |d 2830171